000 00788nam a22002297a 4500
005 20170124110247.0
010 _aA-861740
020 _c00.00
_a0875964060
035 _aA-861740
037 _bCen Lib/Ret
040 _aDPL
_bEN
082 _a613.04244
_bDOL
100 _aDollemore, Doug
_997693
245 _aAge erasers rof women :
_cby Dougi Dollemore...[et. al] ; edited by Patricia Fisher
_hactionyou can right now to look younger and feel great /
260 _aEmmaus, Pennsylvnia
_bRodale Press
300 _axii,676p. :
_c23cm(Hb)
_bill.
500 _aIncludes index
650 _aMiddle aged women--Health and hygiene
_997694
650 _aAged women--Health and hygiene
_997695
700 _aFisher, Patricia
_997696
942 _2ddc
_cEN
_h025.22
_mUNE
999 _c135570
_d135570